000 00485nam a2200193Ia 4500
005 20260429112058.0
008 260429s9999||||xx |||||||||||||| ||und||
020 _a9789363869448
041 _aEnglish
082 _a006.74
_bMCF
100 _aMcFedries, Paul
245 0 _aHTML and CSS essentials for dummies /
_cPaul McFedries
250 _a1st ed.
260 _aNew Delhi :
_bWiley,
_c2025.
300 _aviii, 136 p.; pbk
650 _a CSS
650 _aHTMS
942 _cTB
999 _c52235
_d52235